000 00403nam a2200169Ia 4500
008 230524s9999 xx 000 0 und d
082 _a621.382
_bCAP
100 _aA.Z.Capri
245 0 _aIntroduction to Electrodynamics
250 _a1ST
260 _aNEW DELHI
_bNarosa
_c2005
300 _aXVII;465
500 _aQuantity Number: 2
650 _aPhysics
700 _a P.V. Panat
942 _cBK
999 _c14585
_d14585